| 000 | nam a22 7a 4500 | ||
|---|---|---|---|
| 999 |
_c4820 _d4820 |
||
| 005 | 20200305153156.0 | ||
| 008 | 200305s2019 my ||||| ||||o00| 0 eng d | ||
| 020 | _cSumbangan Kastam Diraja Malaysia | ||
| 040 | _aAKMAL | ||
| 082 | _a343.595056 CUS | ||
| 090 |
_a343.595056 _bCUS |
||
| 110 |
_aKastam Diraja Malaysia _9784 |
||
| 245 |
_aPeraturan-peraturan Kastam 2019 (Customs Regulations 2019) _bPeraturan-peraturan Kastam (Ketetapan Kastam) (Pindaan) 2019 (Customs (Customs Ruling) (Amendment) Regulations 2019) _cKastam Diraja Malaysia |
||
| 260 |
_aPutrajaya _bKastam Diraja Malaysia _c2019 |
||
| 300 |
_a17pg _billustration _c24cm |
||
| 942 |
_2ddc _cBOOK |
||